000 00346nam a2200121 i 4500
001 bg
245 0 _aNaucnaja Organizacija Truda w selskom chozjajstwe zarubeżnych stran :
_bSbornik perewodow /
_cp. red. N.A. Tichonowa.
260 _aMoskwa,
_c1971.
040 _cBPK
041 _apol
942 _cKS
008 s pl f |000 0 pol
999 _c15325
_d15325
856 _uhttp://koha.tu.koszalin.pl/cgi-bin/koha/opac-detail.pl?biblionumber=15325
_yKatalog online BPK